05084 a2200529 4500003000500000005001700005010001600022040000900038082001200047245007600059260004900135300005000184505060200234650003500836650003800871710003500909942001300944999001900957952012700976952012701103952012701230952012701357952012701484952012701611952012701738952012701865952012701992952012802119952012802247952012802375952012802503952012802631952012802759952012802887952012803015952012803143952012803271952012803399952012803527952012803655952012803783952012803911952012804039952012804167952013104295952012804426Nust20230224102652.0 a 84080129 cNust00a603,SCI00aScience and Technology illustrated Vol.1 to 28 :bThe World Around us / aChicago :bEncyclopaedia Britannica,cc1984. a28 v. (3582 p.) :bill. (some col.) ;c29 cm. aVol.1 (Page 1-127), Vol.2 (Page 136-255), Vol.3 (Page 264-383), Vol.4 (Page 392-511), Vol.5 (Page 520-639), Vol.6 (Page 648-767), Vol.7 (Page 776-895), Vol.8 (Page 904-1024), Vol.9 (Page 1032-1151), Vol.10 (Page 1162-1279), Vol.11 (Page 1288-1407), Vol.14 (Page 1672-1791),Vol.15 (Page 1800-1919), Vol.17 (Page 2056-2175), Vol.18 (Page 2184-2303), Vol.19 (Page 2312-2431), Vol.20 (Page 2440-2559), Vol.21 (Page 2568-2687), Vol.22 (Page 2696-2812), Vol.23 (Page 2824-2943), Vol.24 (Page 2952-3071), Vol.25 (Page 3080-3199), Vol.26 (Page 3208-3325), Vol.27 (Page 3336-3455), Vol.28 (Page 3464-3582), 0aSciencexEncyclopedias.947100 0aTechnologyxEncyclopedias.9471012 aEncyclopaedia Britannica, inc. 2ddccENC c184401d184401 00102ddc4070aMCSbMCScREFd2016-12-12o603,SCIpMCS703r2016-12-08tVol.1w2016-12-12yENCzAlmirah No.71, Shelf No.4 00102ddc4070aMCSbMCScREFd2016-12-12o603,SCIpMCS704r2016-12-08tVol.2w2016-12-12yENCzAlmirah No.71, Shelf No.4 00102ddc4070aMCSbMCScREFd2016-12-12o603,SCIpMCS705r2016-12-08tVol.3w2016-12-12yENCzAlmirah No.71, Shelf No.4 00102ddc4070aMCSbMCScREFd2016-12-12o603,SCIpMCS706r2016-12-08tVol.4w2016-12-12yENCzAlmirah No.71, Shelf No.4 00102ddc4070aMCSbMCScREFd2016-12-12o603,SCIpMCS707r2016-12-08tVol.5w2016-12-12yENCzAlmirah No.71, Shelf No.4 00102ddc4070aMCSbMCScREFd2016-12-12o603,SCIpMCS708r2016-12-08tVol.6w2016-12-12yENCzAlmirah No.71, Shelf No.4 00102ddc4070aMCSbMCScREFd2016-12-12o603,SCIpMCS709r2016-12-08tVol.7w2016-12-12yENCzAlmirah No.71, Shelf No.4 00102ddc4070aMCSbMCScREFd2016-12-12o603,SCIpMCS710r2016-12-08tVol.8w2016-12-12yENCzAlmirah No.71, Shelf No.4 00102ddc4070aMCSbMCScREFd2016-12-12o603,SCIpMCS711r2016-12-08tVol.9w2016-12-12yENCzAlmirah No.71, Shelf No.4 00102ddc4070aMCSbMCScREFd2016-12-12o603,SCIpMCS712r2016-12-08tVol.10w2016-12-12yENCzAlmirah No.71, Shelf No.4 00102ddc4070aMCSbMCScREFd2016-12-12o603,SCIpMCS713r2016-12-08tVol.11w2016-12-12yENCzAlmirah No.71, Shelf No.4 00102ddc4070aMCSbMCScREFd2016-12-12o603,SCIpMCS714r2016-12-08tVol.12w2016-12-12yENCzAlmirah No.71, Shelf No.4 00102ddc4070aMCSbMCScREFd2016-12-12o603,SCIpMCS715r2016-12-08tVol.13w2016-12-12yENCzAlmirah No.71, Shelf No.4 00102ddc4070aMCSbMCScREFd2016-12-12o603,SCIpMCS716r2016-12-08tVol.14w2016-12-12yENCzAlmirah No.71, Shelf No.4 00102ddc4070aMCSbMCScREFd2016-12-12o603,SCIpMCS717r2016-12-08tVol.15w2016-12-12yENCzAlmirah No.71, Shelf No.4 00102ddc4070aMCSbMCScREFd2016-12-12o603,SCIpMCS718r2016-12-08tVol.16w2016-12-12yENCzAlmirah No.71, Shelf No.4 00102ddc4070aMCSbMCScREFd2016-12-12o603,SCIpMCS719r2016-12-08tVol.17w2016-12-12yENCzAlmirah No.71, Shelf No.4 00102ddc4070aMCSbMCScREFd2016-12-12o603,SCIpMCS720r2016-12-08tVol.18w2016-12-12yENCzAlmirah No.71, Shelf No.4 00102ddc4070aMCSbMCScREFd2016-12-12o603,SCIpMCS721r2016-12-08tVol.19w2016-12-12yENCzAlmirah No.71, Shelf No.4 00102ddc4070aMCSbMCScREFd2016-12-12o603,SCIpMCS722r2016-12-08tVol.20w2016-12-12yENCzAlmirah No.71, Shelf No.4 00102ddc4070aMCSbMCScREFd2016-12-12o603,SCIpMCS723r2016-12-08tVol.21w2016-12-12yENCzAlmirah No.71, Shelf No.4 00102ddc4070aMCSbMCScREFd2016-12-12o603,SCIpMCS724r2016-12-08tVol.22w2016-12-12yENCzAlmirah No.71, Shelf No.4 00102ddc4070aMCSbMCScREFd2016-12-12o603,SCIpMCS726r2016-12-08tVol.24w2016-12-12yENCzAlmirah No.71, Shelf No.4 00102ddc4070aMCSbMCScREFd2016-12-12o603,SCIpMCS727r2016-12-08tVol.25w2016-12-12yENCzAlmirah No.71, Shelf No.4 00102ddc4070aMCSbMCScREFd2016-12-12o603,SCIpMCS728r2016-12-08tVol.26w2016-12-12yENCzAlmirah No.71, Shelf No.4 00102ddc4070aMCSbMCScREFd2016-12-12o603,SCIpMCS729r2016-12-08tVol.27w2016-12-12yENCzAlmirah No.71, Shelf No.4 00102ddc4070aMCSbMCScREFd2023-02-23l0o603,SCIpMCS730r2023-02-23tVol.28w2023-02-23yENCzAlmirah No.71, Shelf No.4 00102ddc4070aMCSbMCScREFd2023-02-23o603,SCIpMCS725r2023-02-23tVol.23w2023-02-23yENCzAlmirah No.71, Shelf No.4